Экспериментальное исследование условий возникновения низкочастотной модуляции биения огибающей; Современные техника и технологии; Т. 2

Bibliografske podrobnosti
Parent link:Современные техника и технологии: 13-я Международная научно-практическая конференция студентов, аспирантов и молодых ученых, г. Томск, 26-30 марта 2007 г./ Томский политехнический университет (ТПУ).— , 2007
Т. 2.— 2007.— С. 316-318
Glavni avtor: Гнюсов К. С.
Drugi avtorji: Савинов А. П. Анатолий Павлович
Jezik:ruščina
Izdano: 2007
Teme:
Format: Book Chapter
KOHA link:https://koha.lib.tpu.ru/cgi-bin/koha/opac-detail.pl?biblionumber=221504

MARC

LEADER 00000naa2a2200000 4500
001 221504
005 20231031195651.0
035 |a (RuTPU)RU\TPU\book\241662 
090 |a 221504 
100 |a 20120911d2007 k y0rusy50 ca 
101 0 |a rus 
102 |a RU 
200 1 |a Экспериментальное исследование условий возникновения низкочастотной модуляции биения огибающей  |f К. С. Гнюсов, А. П. Савинов 
320 |a Библиогр.: 3 назв. 
461 0 |0 (RuTPU)RU\TPU\book\136926  |t Современные техника и технологии  |o 13-я Международная научно-практическая конференция студентов, аспирантов и молодых ученых, г. Томск, 26-30 марта 2007 г.  |o труды в 3 т.  |f Томский политехнический университет (ТПУ)  |d 2007 
463 0 |0 (RuTPU)RU\TPU\book\168909  |t Т. 2  |v С. 316-318  |d 2007  |p 492 с. 
610 1 |a сигналы 
610 1 |a колебания 
610 1 |a частотная модуляция 
610 1 |a синусоидальные колебания 
610 1 |a соотношения 
610 1 |a труды учёных ТПУ 
700 1 |a Гнюсов  |b К. С. 
701 1 |a Савинов  |b А. П.  |c российский ученый, специалист в области искусственного интеллекта  |c доцент Томского политехнического университета, кандидат технических наук  |f 1943-  |g Анатолий Павлович  |2 stltpush  |3 (RuTPU)RU\TPU\pers\25947 
801 1 |a RU  |b 63413507  |c 20120911 
942 |c BK